Tài liệu hội thảo tham vấn quốc gia về chương trình mục tiêu quốc gia ứng phó với biến đổi khí hậu và nước biển dâng

Gồm 3 phần: Báo cáo khoa học (thích ứng với biến đổi khí hậu và phát triển bền vững; biến đổi khí hậu toàn cầu và nước biển dâng; tác động của biến đổi khí hậu tới tự nhiên và đời sống xã hội); dự thảo chương trình mục tiêu...

Cijeli opis

Spremljeno u:
Bibliografski detalji
Glavni autor: Bộ Tài nguyên và Môi trường (MONRE)
Daljnji autori: Chương trình Phát triển Liên Hiệp Quốc (UNDP)
Format: Knjiga
Jezik:Undetermined
Izdano: Tp. Hồ Chí Minh [?] 2008
Teme:
Online pristup:http://lrc.tdmu.edu.vn/opac/search/detail.asp?aID=2&ID=29643
Oznake: Dodaj oznaku
Bez oznaka, Budi prvi tko označuje ovaj zapis!
Thư viện lưu trữ: Trung tâm Học liệu Trường Đại học Thủ Dầu Một
LEADER 01645nam a2200217Ia 4500
001 TDMU_29643
008 210410s9999 xx 000 0 und d
082 |a 631.56 
090 |b B450 
100 |a Bộ Tài nguyên và Môi trường (MONRE) 
245 0 |a Tài liệu hội thảo tham vấn quốc gia về chương trình mục tiêu quốc gia ứng phó với biến đổi khí hậu và nước biển dâng 
245 0 |c Bộ Tài nguyên và Môi trường (MONRE), Chương trình Phát triển Liên Hiệp Quốc (UNDP) tổ chức và tài trợ 
260 |a Tp. Hồ Chí Minh 
260 |b [?] 
260 |c 2008 
300 |a 36 tr 
520 |a Gồm 3 phần: Báo cáo khoa học (thích ứng với biến đổi khí hậu và phát triển bền vững; biến đổi khí hậu toàn cầu và nước biển dâng; tác động của biến đổi khí hậu tới tự nhiên và đời sống xã hội); dự thảo chương trình mục tiêu quốc gia ứng phó với biến đổi khí hậu và nước biển dâng; danh sách đại biểu tham dự hội thảo. 
650 |a Môi trường  |x Biến đổi khí hậu  |x Nước biển dâng  |x Mục tiêu quốc gia  |v Hội thảo 
700 |a Chương trình Phát triển Liên Hiệp Quốc (UNDP) 
856 |u http://lrc.tdmu.edu.vn/opac/search/detail.asp?aID=2&ID=29643 
980 |a Trung tâm Học liệu Trường Đại học Thủ Dầu Một